Toxicological profile for xylene.

Bibliographic Details
Corporate Author: United States. Agency for Toxic Substances and Disease Registry
Format: Government Document eBook
Language:English
Published: Atlanta, Ga. : U.S. Dept. of Health and Human Services, Public Health Service, Agency for Toxic Substances and Disease Registry, [2007]
Subjects:
Online Access:https://purl.fdlp.gov/GPO/gpo32038

MARC

Tag First Indicator Second Indicator Subfields
LEADER 00000cam a2200000 a 4500
001 in00002839813
005 20211120170557.0
006 m o d f
007 cr bn|||||||||
008 121207s2007 gauab ob f001 0 eng c
035 |a (OCoLC)ocn820548201 
040 |a GPO  |c GPO  |d MvI  |d UtOrBLW 
042 |a pcc 
049 |a WWW 
074 |a 0504-R-04 (online) 
086 0 |a HE 20.518:X 9/UPDATE 
245 0 0 |a Toxicological profile for xylene. 
264 1 |a Atlanta, Ga. :  |b U.S. Dept. of Health and Human Services, Public Health Service, Agency for Toxic Substances and Disease Registry,  |c [2007] 
300 |a 1 online resource (xx, 330 pages, 34 unnumbered pages) :  |b illustrations, map. 
336 |a text  |b txt  |2 rdacontent 
337 |a computer  |b c  |2 rdamedia 
338 |a online resource  |b cr  |2 rdacarrier 
500 |a Title from title screen (viewed on Dec. 7, 2012). 
500 |a "August 2007." 
500 |a "A Toxicological Profile for Xylene, Draft for Public Comment was released in September 2005. This edition supersedes any previously released draft or final profile"--P. iii. 
504 |a Includes bibliographical references (pages 277-323) and index. 
500 |a "Draft for Public Comment." 
500 |a Electronic resource. 
650 0 |a Xylene  |x Toxicology. 
650 0 |a Xylene  |x Physiological effect. 
650 0 |a Xylene  |x Environmental aspects. 
710 1 |a United States.  |b Agency for Toxic Substances and Disease Registry. 
776 0 8 |i Print version:  |t Toxicological profile for xylene  |w (OCoLC)191100511 
856 4 0 |u https://purl.fdlp.gov/GPO/gpo32038  |t 0 
999 |a MARS 
999 f f |s 039478fa-b65a-3b37-89d8-265a19946f24  |i 7f67fa15-efc9-3656-97a0-519a630f59ab  |t 0 
952 f f |a Texas A&M University  |b College Station  |c Electronic Resources  |d Available Online  |t 0  |e HE 20.518:X 9/UPDATE  |h Superintendent of Documents classification 
998 f f |a HE 20.518:X 9/UPDATE  |t 0  |l Available Online